Southville International School and Colleges
Your cart is empty.
  • Cart
  • Lists
    Public lists Eva Luna New books Lux_list list_1
    Your lists Log in to create your own lists
  • Log in to your account
  • Your cookies
  • Search history
Southville International School and Colleges
  • Advanced search
  • Recent comments
  • Most popular
  • Libraries

Log in to your account

Log in with GOOGLE


If you do not have an external account, but do have a local account, you can still log in:

  1. Home
  2. MARC view: Technical english : technical report writing anf presentation
Normal view MARC view ISBD view

Technical english : technical report writing anf presentation (Record no. 365443)

[ view plain ]
MARC details
000 -LEADER
fixed length control field 00603nam a22001937a 4500
003 - CONTROL NUMBER IDENTIFIER
control field 0
005 - DATE AND TIME OF LATEST TRANSACTION
control field 20230929132031.0
008 - FIXED-LENGTH DATA ELEMENTS--GENERAL INFORMATION
fixed length control field 230929b xxu||||| |||| 00| 0 eng d
020 ## - INTERNATIONAL STANDARD BOOK NUMBER
International Standard Book Number 978-93-86559-54-8
050 ## - LIBRARY OF CONGRESS CALL NUMBER
Classification number PE 1475
Item number .H63 2023
100 ## - MAIN ENTRY--PERSONAL NAME
Personal name Hoda, Badul
245 ## - TITLE STATEMENT
Title Technical english : technical report writing anf presentation
Statement of responsibility, etc Badul Hoda
260 ## - PUBLICATION, DISTRIBUTION, ETC. (IMPRINT)
Place of publication, distribution, etc New Delhi
Name of publisher, distributor, etc Venus Books
Date of publication, distribution, etc c2023.
300 ## - PHYSICAL DESCRIPTION
Extent ix, 284 pages ;
Dimensions 25 pages
500 ## - GENERAL NOTE
General note Technical writing -- English.
504 ## - BIBLIOGRAPHY, ETC. NOTE
Bibliography, etc Includes bibliographical references.
650 ## - SUBJECT ADDED ENTRY--TOPICAL TERM
Topical term or geographic name as entry element Technical writing -- English.
942 ## - ADDED ENTRY ELEMENTS (KOHA)
Source of classification or shelving scheme Library of Congress Classification
Koha item type Books
Holdings
Withdrawn status Lost status Source of classification or shelving scheme Damaged status Home library Current library Shelving location Date acquired Source of acquisition Sub Shelving location Total Checkouts Full call number Barcode Date last seen Price effective from Koha item type
    Library of Congress Classification   College Library College Library Reserve Section 09/29/2023 Library Fund     PE 1475 .H63 2023 C23057 09/29/2023 09/29/2023 Books

Technical english : technical report writing anf presentation

APA

Hoda B., . (2023). Technical english : technical report writing anf presentation. New Delhi: Venus Books.

Chicago

Hoda Badul, . 2023. Technical english : technical report writing anf presentation. New Delhi: Venus Books.

Harvard

Hoda B., . (2023). Technical english : technical report writing anf presentation. New Delhi: Venus Books.

MLA

Hoda Badul, . Technical english : technical report writing anf presentation. New Delhi: Venus Books. 2023.

  • Place hold
  • Print
  • Cite
  • Add to your cart (remove)
  • Save record
    BIBTEX Dublin Core MARCXML MARC (non-Unicode/MARC-8) MARC (Unicode/UTF-8) MARC (Unicode/UTF-8, Standard) MODS (XML) RIS
  • More searches
    Search for this title in:
    Other Libraries (WorldCat) Other Databases (Google Scholar) Online Stores (Bookfinder.com) Open Library (openlibrary.org)

Exporting to Dublin Core...

SOUTHVILLE LIBRARY

Southville International School and Colleges Library

1281 Tropical Ave. Cor. Luxembourg St., BF Homes International, Las Pinas City

Tel. No. 8256374 / 252358 Loc. 117/146

Powered by Koha